Highest Rated Sequels on IMDB - Statistics

General Stats
  • This quiz has been taken 56 times
  • The average score is 11 of 14
Answer Stats
Rating Actor Answer % Correct
9.0 Heath Ledger The Dark Knight
98%
8.7 Harrison Ford Star Wars Episode V - The Empire Strikes Back
95%
9.0 Robert De Niro The Godfather: Part II
93%
8.3 Mark Hamill Star Wars Episode VI - Return of the Jedi
86%
8.9 Elijah Wood The Lord of the Rings: The Return of the King
84%
8.7 Ian McKellan The Lord of the Rings: The Two Towers
84%
8.3 Sigourney Weaver Aliens
81%
8.3 Christian Bale The Dark Knight Rises
79%
8.4 Josh Brolin Avengers: Infinity War
72%
8.2 Tom Hanks Toy Story 3
70%
8.3 Chris Evans Avengers: Endgame
67%
8.5 Arnold Schwarzenegger Terminator 2: Judgement Day
65%
8.2 Sean Connery Indiana Jones and the Last Crusade
44%
8.1 Emma Watson Harry Potter and the Deathly Hallows: Part 2
40%
No matching quizzes found
Score Distribution
Percent of People with Each Score
Percentile by Number Answered
Your Score History
You have not taken this quiz